Chinese Language Map Quiz - Statistics

General Stats
  • This quiz has been taken 662 times
  • The average score is 5 of 10
Answers on the Map
Answers color-coded by a green-red scale on the quiz's map according to % correct below.
 
Answer Stats
Answer % Correct
Mandarin 官话
92%
Yue (Cantonese) 粤语
79%
Wu 吴语
70%
Hakka 客家话
49%
Jin 晋语
48%
Min 闽语
48%
Xiang 湘语
40%
Ping 平话
35%
Gan 赣语
33%
Hui 徽语
32%
No matching quizzes found
Score Distribution
Percent of People with Each Score
Percentile by Number Answered
Your Score History
You have not taken this quiz